000 01331nam2a22003011 4500
001 v19\rc\1540165
005 20250618181258.0
035 _a(NLR Aleph) 004658235
090 _a3514748
_c3514748
100 _a20060620d1889 |||y0rusy50 ca
101 0 _arus
102 _aRU
105 _ay z |||||
200 0 _a... за 1888 г.
210 _d1889
_aБ. м.
215 _a22 с.
461 0 _1001v19\rc\1540163
_12001#$aОтчет Каменец-Подольской комиссии Человеколюбивого общества по Оспопрививательному институту...$v... за 1888 г.
_93514728
_aЧеловеколюбивое общество (Петербург). Каменец-Подольская комиссия
_cСанкт-Петербург
_d1888-1889
_tОтчет Каменец-Подольской комиссии Человеколюбивого общества по Оспопрививательному институту...
_v... за 1888 г.
801 0 _aRU
_bNLR
_gpsbo
801 0 _aRU
_bRuMoRGB
_2psbo
801 1 _aRU
_bProSoft-M
_2rusmarc
852 _aNLR
_j18.195.2.55(1)
852 _aNLR
_j18.277.1.172
852 _aNLR
_j20.49.7.139
899 _aRuMoRGB
_jA 325/21
899 _aRuMoRGB
_jA 170/537
899 _aRuMoRGB
_jU 427/360
942 _cBOOK
980 _aNB